[Event "Yakutsk op"]
[Site "Yakutsk"]
[Date "2012.12.22"]
[Round "8"]
[White "Sivtsev, Innokenty"]
[Black "Vorontsov, Nikolay"]
[Result "0-1"]
[WhiteElo "2191"]
[BlackElo "2314"]
[PlyCount "64"]
[EventDate "2012.12.17"]
[EventType "swiss"]
[EventRounds "9"]
[EventCountry "RUS"]
[SourceTitle "CBM 152 Extra"]
[Source "ChessBase"]
[SourceDate "2013.02.25"]
[SourceVersion "1"]
[SourceVersionDate "2013.02.25"]
[SourceQuality "1"]

1. e4 c6 2. d4 d5 3. exd5 cxd5 4. Bd3 Nc6 5. c3 Nf6 6. Nf3 g6 7. 0-0 Bg7 8. Re1 0-0 9. Bg5 Bf5 10. Bxf5 gxf5 11. Bxf6 Bxf6 12. Ne5 Qd6 13. f4 Kh8 14. Nd2 Bxe5 15. fxe5 Qh6 16. Nf1 Rg8 17. Qf3 e6 18. Ne3 Rg5 19. Re2 Rag8 20. Rd1 Ne7 21. c4 f4 22. Nf1 dxc4 23. Qxb7 Nd5 24. Rf2 Qg6 25. Rdd2 h5 26. Qa6 Qb1 27. Qxc4 Ne3 28. Qb5 Qe4 29. Qe2 Rxg2+ 30. Rxg2 Rxg2+ 31. Qxg2 Nxg2 32. Rxg2 Qxd4+ 0-1